डॉ. बाबासाहेब आंबेडकरांचे धर्मांतर (Record no. 96503)

MARC details
000 -LEADER
fixed length control field 00774nam a2200181Ia 4500
008 - FIXED-LENGTH DATA ELEMENTS--GENERAL INFORMATION
fixed length control field 090124s9999 xx 000 0 und d
082 ## - DEWEY DECIMAL CLASSIFICATION NUMBER
Item number 28731
100 ## - MAIN ENTRY--PERSONAL NAME
Personal name खरात शंकरराव रा.
245 ## - TITLE STATEMENT
Title डॉ. बाबासाहेब आंबेडकरांचे धर्मांतर
250 ## - EDITION STATEMENT
Edition statement 0
260 ## - PUBLICATION, DISTRIBUTION, ETC. (IMPRINT)
Name of publisher, distributor, etc इंद्रायणी प्रकाशन
Date of publication, distribution, etc 1990
300 ## - PHYSICAL DESCRIPTION
Extent 315
600 ## - SUBJECT ADDED ENTRY--PERSONAL NAME
Personal name खरात शंकरराव रा.
630 ## - SUBJECT ADDED ENTRY--UNIFORM TITLE
Uniform title डॉ. बाबासाहेब आंबेडकरांचे धर्मांतर
700 ## - ADDED ENTRY--PERSONAL NAME
Personal name खरात शंकरराव रा.
730 ## - ADDED ENTRY--UNIFORM TITLE
Uniform title डॉ. बाबासाहेब आंबेडकरांचे धर्मांतर
942 ## - ADDED ENTRY ELEMENTS (KOHA)
Koha item type Book
Holdings
Withdrawn status Lost status Damaged status Not for loan Home library Current library Date acquired Cost, normal purchase price Total Checkouts Full call number Barcode Date last seen Cost, replacement price Price effective from Koha item type
        Nagar Wachan Mandir, Thane Nagar Wachan Mandir, Thane   70.00   28731 THNNWM-28731 01/24/2009 70.00 01/24/2009 Book